000 00742cab a2200265 4500
001 ABS58886
008 090401t1998 xxu||||| |||| 00| 0 eng d
035 _a(Sirsi) u87072
041 _aeng
100 _aWheatley, C.
245 _aREITs on a roll?
260 _c1998
350 _a0
490 _aEstates Gazette
_v(9824) 13 June 1998, 58-59(2)
520 _aThe first of two articles discusses real estate investment trusts (REITs)and their interest in European markets.
650 _aDIVIDENDS
650 _aEUROPE
650 _aINVESTMENT PROPERTY
650 _aREITS
650 _aUNITED STATES
690 _aPROPERTY-PROPERTY FINANCE AND INVESTMENT
700 _aCatalano, A.
942 _n0
948 _c29/06/1998
999 _c54868
_d54868